| 000 | 00963cam a2200277 i 4500 | ||
|---|---|---|---|
| 999 |
_c329273 _d329273 |
||
| 001 | 3697469 | ||
| 003 | Nust | ||
| 005 | 20170502130835.0 | ||
| 008 | 790518r19781928pk ab b 001 0 eng | ||
| 010 | _a 78930560 | ||
| 020 | _cRs90.00 | ||
| 040 |
_aDLC _cDLC _dDLC |
||
| 043 |
_aa------ _aa-mp--- |
||
| 050 | 0 | 0 |
_aDS22 _b.L3 1978 |
| 082 | 0 | 0 |
_a950.2 _bLAM |
| 100 | 1 |
_aLamb, Harold, _d1892-1962. |
|
| 245 | 1 | 0 |
_aGenghis Khan, the emperor of all men / _cby Harold Lamb. |
| 260 |
_aLahore : _bSh. Mubarak Ali, _c1978. |
||
| 300 |
_a270 p. : _bill., maps ; _c22 cm. |
||
| 500 | _aReprint of the 1928 ed. published in London under title: Genghis Khan, the conqueror emperor of all men. | ||
| 500 | _aIncludes index. | ||
| 504 | _aBibliography: p. 267-276. | ||
| 600 | 0 | 0 |
_aGenghis Khan, _d1162-1227. |
| 650 | 0 |
_aMongols _xKings and rulers _xBiography. |
|
| 906 |
_a7 _bcbc _corignew _d4 _encip _f19 _gy-gencatlg |
||
| 942 |
_2ddc _cBK |
||